Song to Artist 2004 - Statistics

General Stats
  • This quiz has been taken 14 times
  • The average score is 7 of 20
Answer Stats
Song Artist % Correct
Drop It Like It's Hot Snoop Dogg
93%
Take Me Out Franz Ferdinand
86%
American Idiot Green Day
79%
Rich Girl Gwen Stefani
50%
Milkshake Kelis
50%
Just Lose It Eminem
43%
I Predict a Riot Kaiser Chiefs
43%
Somewhere Only We Know Keane
43%
Vertigo U2
43%
Lose My Breath Destiny's Child
36%
Burn Usher
36%
Call on Me Eric Prydz
29%
All Falls Down Kanye West
21%
These Words Natasha Bedingfield
21%
Duality Slipknot
21%
Dry Your Eyes The Streets
14%
I Want You Janet Jackson
7%
Tipsy J-Kwon
7%
Don't Tell Me Avril Lavgine
0%
Headsprung LL Cool J
0%
No matching quizzes found
Score Distribution
Percent of People with Each Score
Percentile by Number Answered
Your Score History
You have not taken this quiz